Pokémon oder Element? - Statistiken

Allgemein
  • Dieses Quiz wurde 3.671 mal gespielt
  • Das Durchschnittsergebnis liegt bei 13 aus 15
Antwortstatistiken
Frage Antwort % Korrekt
Minun. Pokémon
93%
Finneon. Pokémon
93%
Yttrium. Element
92%
Zirconium. Element
91%
Kyurem. Pokémon
91%
Koraidon. Pokémon
91%
Ignivor. Pokémon
90%
Ledian. Pokémon
89%
Rameidon. Pokémon
89%
Molybdän. Element
87%
Holmium. Element
87%
Niob. Element
84%
Lanthan. Element
80%
Olangaar. Pokémon
77%
Tantal. Element
76%
Keine übereinstimmenden Quizze gefunden
Verteilung der Resultate
Anzahl Personen mit jedem Resultat
Perzentil nach korrekt beantworteten Fragen
Ihre Resultats-Entwicklung
Sie haben dieses Quiz noch nicht gespielt